Statistics for Biggest Cities by Most Populated Canadian Regions (with map)

Click here to take the quiz!

General Stats

  • This quiz has been taken 89 times
  • The average score is 22 of 40

Answers on the Map

Answers color-coded by a green-red scale on the quiz's map according to % correct below.
 

Answer Stats

RegionPopCity% Correct
Quebec City-Windsor Corridor5.92 mToronto
99%
Quebec City-Windsor Corridor1.32 mOttawa
95%
Pacific-Fraser-Okanagan2.46 mVancouver
93%
Canadian Prairies1.39 mCalgary
92%
Canadian Prairies1.32 mEdmonton
91%
Quebec City-Windsor Corridor4.09 mMontreal
91%
Quebec City-Windsor Corridor800 kQuebec City
91%
Canadian Prairies778 kWinnipeg
85%
Atlantic Canada403 kHalifax
84%
Atlantic Canada126 kSaint John
81%
Atlantic Canada205 kSt. John's
81%
Quebec City-Windsor Corridor494 kLondon
79%
Canadian Prairies295 kSaskatoon
79%
Canadian Prairies236 kRegina
77%
Pacific-Fraser-Okanagan367 kVictoria
77%
Quebec City-Windsor Corridor329 kWindsor
67%
Quebec City-Windsor Corridor747 kHamilton
65%
Atlantic Canada69.3 kCharlottetown
56%
Quebec City-Windsor Corridor406 kSt. Catherines-Niagara
56%
Atlantic Canada101 kFredericton
53%
Quebec City-Windsor Corridor523 kKitchener-Cambridge-Waterloo
49%
Atlantic Canada144 kMoncton
48%
Canadian Prairies100 kRed Deer
47%
Quebec City-Windsor Corridor379 kOshawa
44%
Pacific-Fraser-Okanagan194 kKelowna
41%
Atlantic Canada98.7 kCape Breton
40%
Pacific-Fraser-Okanagan103 kKamloops
40%
Pacific-Fraser-Okanagan104 kNanaimo
37%
Canadian Prairies117 kLethbridge
36%
Canadian Prairies76.5 kMedicine Hat
36%
Canadian Prairies58.0 kBrandon
32%
Pacific-Fraser-Okanagan180 kAbbotsford-Mission
29%
Canadian Prairies63.1 kGrande Prairie
27%
Pacific-Fraser-Okanagan101 kChilliwack
24%
Atlantic Canada31.9 kCorner Brook
23%
Atlantic Canada45.7 kTruro
20%
Pacific-Fraser-Okanagan61.3 kVernon
17%
Pacific-Fraser-Okanagan44.4 kDuncan
13%
Atlantic Canada34.4 kNew Glasgow
13%
Pacific-Fraser-Okanagan54.1 kCourtenay
9%

Score Distribution

Percentile by Number Answered

Percent of People with Each Score

Your Score History

You have not taken this quiz